| 000 | 00690nac a22001571u 4500 | ||
|---|---|---|---|
| 008 | 101007s2002 au|||||r|||| 000 0 eng d | ||
| 082 |
_a624.18341 _bBEH |
||
| 100 |
_aEl Behairy ,Shaker. _920174 |
||
| 245 |
_aReinforced Concrete Design Handbook / _bBy Shaker El Behairy. |
||
| 260 |
_aCairo: _bFaculty Of Engineering ,Ain Shams University, _cc2002. |
||
| 300 |
_a460 p. : _bill. ; _c22cm. |
||
| 650 |
_aReinforced concrete construction. _920175 |
||
| 700 |
_aEl Behairy ,Shaker. _920176 |
||
| 942 |
_cBB _k624.18341BEH _2ddc |
||
| 999 |
_c3225 _d3225 |
||